Statistics for How well do you remember Ken´s life?

Click here to take the quiz!

General Stats

  • This quiz has been taken 86 times
    (85 since last reset)
  • The average score is 10 of 20

Answer Stats

QuestionAnswer% Correct
What does Ken collect?Souvenirs
98%
What happened to Ritva when her mother left?She stopped growing.
96%
What made Ken survive through the divorce?Hot summer, travelling and Cher.
79%
March the 1st, 2017 was Ken and Hector´s wedding day. Why did they choose that day?It was the first day when gays too were able to get married in Finland.
78%
In Paris Taylor worked as a...mud wrestler
78%
Where did Ken use to work?At Susanna´s Studio.
76%
Who is Ken´s favourite author?John Irving
58%
When did Ken first appear on Instagram?2014
54%
How did Kultu die?She got hit by a car.
54%
Ken has a troubled relationship with one person. Who?His mother.
51%
Who had sex in a church?Günther and Clothilde.
50%
Ken has travelled a lot, but he has never been to...London
38%
What is Ken´s blood type?0-
36%
How did Ken and Kaarna meet?A frog lead Ken to Kaarna.
36%
Who did Ken meet in Madrid?Bruno Farfallo
34%
What are Hector´s passions?Tom of Finland, flea market shopping and hockey.
33%
Where was Ken when Trump got elected as a president?In Spain, sleeping in a hotel bed.
23%
How did Olga come to Finland?She was smuggled out of Russia.
23%
Why did Ken feel uncomfortable in the UK?People were too polite.
21%
Why did Hector loose his legs?He got hit by a train.
10%

Score Distribution

Percentile by Number Answered

Percent of People with Each Score

Your Score History

You have not taken this quiz since the last reset